| 000 | 00566nam a2200181 a 4500 | ||
|---|---|---|---|
| 001 | 000033597 | ||
| 005 | 20200930070356.0 | ||
| 008 | 100521t1993 dr a 001 p spa d | ||
| 040 |
_aDO-SdBNP _bspa _cBNPHU |
||
| 082 |
_aRD861.44 _bA162a |
||
| 100 | 1 |
_aAbréu Mejía, Rafael, _d1939-2004 _940790 |
|
| 245 | 1 | 0 |
_aÁmbito del ser profundo / _cRafael Abréu Mejía. |
| 260 |
_aSanto Domingo : _b[s.n.], _c1993. |
||
| 300 |
_a26 p. : _bil. ; _c22 cm. |
||
| 490 | 1 |
_aCuadernos populares de poesía _v2 |
|
| 830 | 0 |
_aCuadernos populares de poesía _v2 _924337 |
|
| 049 | _aBNPD | ||
| 999 |
_c33088 _d33088 |
||